Grille de mots mini #14 - Statistiques

Statistiques générales
  • Ce quiz a été pris 64 fois
  • Le résultat moyen est 24 sur 25
Statistiques - réponses
Place de la lettre Réponses % Correct
2 D A
100%
4 D E
100%
3 D L
100%
1 D R
100%
5 D R
100%
1 E D
98%
1 A F
98%
1 B J
98%
2 A L
98%
1 C O
98%
4 B A
97%
4 C D
97%
3 E E
97%
5 A E
97%
5 E E
97%
2 E I
97%
5 C I
97%
5 B L
97%
2 B O
97%
3 A O
97%
3 C R
97%
4 A R
97%
4 E S
97%
2 C U
97%
3 B U
97%
Aucun quiz correspondant
Distribution des résultats
% des personnes avec chaque résultat
Percentile par nombre de réponses
Votre historique - résultats
Vous n’avez pas pris ce quiz